| Tag |
First Indicator |
Second Indicator |
Subfields |
| LEADER |
00000cam a2200000 a 4500 |
| 001 |
in00002859622 |
| 005 |
20151202172503.0 |
| 008 |
130111s2011 tnua r 000 0 spa c |
| 020 |
|
|
|a 9781232403043
|
| 020 |
|
|
|a 1232403040
|
| 035 |
|
|
|a (OCoLC)ocn830005675
|
| 035 |
|
|
|a (OCoLC)830005675
|
| 040 |
|
|
|a TXA
|c TXA
|d UtOrBLW
|
| 042 |
|
|
|a pcc
|
| 043 |
|
|
|a s------
|a e-sp---
|
| 049 |
|
|
|a TXAM
|
| 050 |
|
4 |
|a RA794
|b .A48 2011
|
| 245 |
0 |
0 |
|a Aguas termales.
|
| 264 |
|
1 |
|a Memphis, TN :
|b Book LLC,
|c 2011.
|
| 300 |
|
|
|a 20 pages :
|b illustrations ;
|c 25 cm
|
| 336 |
|
|
|a text
|b txt
|2 rdacontent
|
| 337 |
|
|
|a unmediated
|b n
|2 rdamedia
|
| 338 |
|
|
|a volume
|b nc
|2 rdacarrier
|
| 650 |
|
0 |
|a Health resorts
|z South America
|v Directories.
|
| 650 |
|
0 |
|a Health resorts
|z Spain
|v Directories.
|
| 650 |
|
0 |
|a Hot springs
|z South America
|v Guidebooks.
|
| 650 |
|
0 |
|a Hot springs
|z Spain
|v Guidebooks.
|
| 948 |
|
|
|a cataloged
|b h
|c 2013/3/14
|d o
|e tchubaryan
|f 3:11:38 pm
|
| 994 |
|
|
|a C0
|b TXA
|
| 999 |
|
|
|a MARS
|
| 999 |
f |
f |
|s f1059b0c-50a9-3a29-875f-47913cb1fe6d
|i e75aa45b-d9dd-3fe4-9ff4-2e0e7d430335
|t 0
|
| 952 |
f |
f |
|p ric
|a Texas A&M University
|b Rellis Campus
|c Joint Library Facility
|d Remote Storage
|t 0
|e RA794 .A48 2011
|h Library of Congress classification
|i unmediated -- volume
|m A14841690926
|
| 998 |
f |
f |
|a RA794 .A48 2011
|t 0
|l Remote Storage
|